<?xml version="1.0" encoding="UTF-8"?>
<collection xmlns="http://www.loc.gov/MARC21/slim">
 <record>
  <leader>01142naa a2200217 i 4500</leader>
  <controlfield tag="001">acta72920</controlfield>
  <controlfield tag="005">20230327105305.0</controlfield>
  <controlfield tag="008">210705s2017    hu      o     1||   hun d</controlfield>
  <datafield tag="020" ind1=" " ind2=" ">
   <subfield code="a">978-615-5372-78-0</subfield>
  </datafield>
  <datafield tag="040" ind1=" " ind2=" ">
   <subfield code="a">SZTE Egyetemi Kiadványok Repozitórium</subfield>
   <subfield code="b">hun</subfield>
  </datafield>
  <datafield tag="041" ind1=" " ind2=" ">
   <subfield code="a">hun</subfield>
  </datafield>
  <datafield tag="100" ind1="1" ind2=" ">
   <subfield code="a">Bognár László</subfield>
  </datafield>
  <datafield tag="245" ind1="1" ind2="0">
   <subfield code="a">Új generáció és régi szerepek egy krónikás szemével </subfield>
   <subfield code="h">[elektronikus dokumentum] :</subfield>
   <subfield code="b">társadalmi elitek, királyi hatalom és generációváltás II. Richard idején Thomas Walsingham krónikájában /</subfield>
   <subfield code="c"> Bognár László</subfield>
  </datafield>
  <datafield tag="260" ind1=" " ind2=" ">
   <subfield code="c">2017</subfield>
  </datafield>
  <datafield tag="300" ind1=" " ind2=" ">
   <subfield code="a">19-20</subfield>
  </datafield>
  <datafield tag="490" ind1="0" ind2=" ">
   <subfield code="a">Kárpát-medencei fiatal magyar történészek tábora : absztraktkötet</subfield>
  </datafield>
  <datafield tag="650" ind1=" " ind2="4">
   <subfield code="a">Bölcsészettudományok</subfield>
  </datafield>
  <datafield tag="650" ind1=" " ind2="4">
   <subfield code="a">Történettudomány és régészet</subfield>
  </datafield>
  <datafield tag="695" ind1=" " ind2=" ">
   <subfield code="a">Thomas Walsingham - előadáskivonatok, Anglia története - 14. sz. - előadáskivonatok, Történetírás - angol - 14. sz. - előadáskivonatok</subfield>
  </datafield>
  <datafield tag="711" ind1=" " ind2=" ">
   <subfield code="a">Kárpát-medencei fiatal magyar történészek tábora (5.)</subfield>
   <subfield code="c">Ópusztaszer</subfield>
   <subfield code="d">2017</subfield>
  </datafield>
  <datafield tag="856" ind1="4" ind2="0">
   <subfield code="u">http://acta.bibl.u-szeged.hu/72920/1/05_karpat_medencei_fiatal_magyar_torteneszek_tabora_019-020.pdf</subfield>
   <subfield code="z">Dokumentum-elérés </subfield>
  </datafield>
 </record>
</collection>
